Quizzes
Events
Quiz Creation
Community
Videos
Private Events
Remove Ads
Sign In
Join for FREE
Feedback
Dark Mode
Quiz Categories
Sports
Geography
Music
Movies
Television
Just For Fun
Miscellaneous
History
Literature
Language
Science
Gaming
Entertainment
Religion
Holiday
For Kids
Quiz Lab
Recent
Popular Today
Quiz Kudos Today
Editor Picks
Curator Picks
Quizzes by...
Day
Popularity
Type
Ratings
Length
Year
Community
Subscriptions
Recent Discussions
Orange Saloon
Badges
Playlists
Quests
Create
Leaderboards
Showdown
Live 5
Trivia Bingo
Activity
Puzzle Library
Sporcle Events
Private Events
Virtual Trivia
Globe League
Become a Host
Pub Owners
SporcleCon
Opinionation
Our Games
Videos
Blog
Mobile Apps
Partnerships
Remove Ads and Go Orange
Feedback
Sports
Athletes
MLB
NBA
NHL
NFL
Soccer
Sports Teams
WWE
NCAA
Football
Premier League
Basketball
Baseball
Hockey
Golf
Tennis
Cricket
Rugby
Auto Racing
Olympics
World Cup
Sports
Athletes
MLB
NBA
NHL
NFL
Soccer
Sports Teams
WWE
NCAA
Football
Premier League
Basketball
Baseball
Hockey
Golf
Tennis
Cricket
Rugby
Auto Racing
Olympics
World Cup
Random Quiz
Search Sporcle
×
Quiz Lab
Quiz Lab
Sports
College
Type in answers that appear in a list
Type in answers that appear in a list
Classic
Best Score? Go Orange.
Can you Name these NBA player's colleges Stats
Try to remember nba players and where they played at college
By
Dominator77
10m
25 Questions
46 Plays
46 Plays
46 Plays
Comments
Comments
Give Quiz Kudos
Give Quiz Kudos
-
- Ratings
hide this ad
More Info
Replay
Link that replays current quiz
Next Quiz
Link to next quiz in quiz playlist
You Got
0%
They Got
Avg Score
63%
Avg Friend Score
Upgrade to see
Score Distribution
Jump to the score distribution portion of the page
Score
0/25
Timer
10:00
0
Plays Today
Hint
Answer
% Correct
Kevin Love
UCLA
93.5%
Kevin Durant
Texas
91.3%
Joakim Noah
Florida
84.8%
Mason Plumlee
Duke
82.6%
Gordon Hayward
Butler
80.4%
Victor Oladipo
Indiana
76.1%
Kawhi Leonard
San Diego State
76.1%
Shabazz Napier
Connecticut
73.9%
Klay Thompson
Washington State
71.7%
Paul George
Fresno State
71.7%
Thomas Robinson
Kansas
69.6%
Aaron Gordon
Arizona
69.6%
Jeremy Lin
Harvard
69.6%
Hint
Answer
% Correct
Damian Lillard
Weber State
67.4%
Evan Turner
Ohio State
65.2%
Kelly Olynyk
Gonzaga
60.9%
Steven Adams
Pittsburgh
58.7%
James Michael Mcadoo
North Carolina
56.5%
Otto Porter Jr.
Georgetown
54.3%
Hassan Whiteside
Marshall
45.7%
Jordan Clarkson
Missouri
43.5%
Devin Harris
Wisconsin
43.5%
Malik Beasley
Florida State
41.3%
Brian Roberts
Dayton
17.4%
Willie Reed
Saint Louis
10.9%
Quiz Playlist
Details
Report
Send in Message
Add To Playlist
More Info:
name these players colleges
Classic:
Type in answers that appear in a list
Last Updated: Jul 1, 2017
Quiz Scoreboard
CHALLENGE
Sign Up to Join the Scoreboard
Show All
Scores
Hide
Comments
May contain spoilers
Recently Published
9x9 Crossword: Cartoon Network
by jackfrog10
Miscellaneous
3m
College Basketball Coaching Resumes
by pancakes188
Sports
9m
Billboard Blitz: Fleetwood Mac
by CooCooCachoo
Music
15s
More to Explore
Quiz From the Vault
Featured Blog Post
Where Did the Easter Bunny Come From?
hide this ad
You Might Also Like...
Tags
College Quiz
NBA Quiz
Player
Remember
Try
Today's Top Quizzes in Sports
Browse Sports
hide this ad
Today's Top Quizzes in College
Browse College
Top Contributed Quizzes in Sports
1
2022 World Cup Stars
2
Les meilleurs buteurs des matchs entre le PSG et l’OM
3
FIFA Club World Cup Champions
4
Les entraîneurs de l'OM et du PSG au 21e siècle
5
Criteria MLB: Left Handed Sluggers
6
2023 MLB Unique Player Accomplishments
7
AFC Teams Reveal (Wrong Answers Minefield)
8
Players with Multiple 50 Home Run Seasons
9
5-to-1: FBS Animal Nicknames
10
5-to-1: UK Sports Teams
Explore More
Trending Topics
Disney
NBA
Anime
Crossword
Kpop
Harry Potter
Marvel
Country
The Office
Song
WWE
NFL
Soccer
Puzzle
Pokémon
hide this ad
More By:
Dominator77
Quiz
Plays
Rating
Category
Featured
Created
NBA MVP's since 1956
81
2.33
Sports
Jul 2, 2017
Can you Name these NBA player's colleges
46
1.50
Sports
Jul 1, 2017
NBA What pick was this player taken
17
1.00
Sports
Jul 5, 2017
Go to Creator's Profile
Score Distribution
Quiz Creator Spotlight
Dominator77
Follow
Send a Message
Quizzes Created
-
Created Quiz Play Count
-
More By This Creator
Popular Quizzes Today
1
Find the US States - No Outlines Minefield
2
Find the Countries of Europe - No Outlines Minefield
3
The Countries of the World
4
Find the US States
5
Risky Map Clicking: Biggest States A-Z
6
US States
7
Popular People in 1961
8
Movies - When Are They Set?
More Sports Quizzes
Top 2012/13 Premier League Scorer per Nation
Editor's Pick
Trending Quizzes
Risky Map Clicking: Least Populous States A-Z
1-10 Letter G Words
Risky Map Clicking: Next State Alphabetically
Adjectives in 80s TV Shows
Risky Map Clicking: Biggest States A-Z
Recently Updated
Leaping Animals
pecheneg
Reality TV Shows (A-Z)
bhenderson79
Rickey Henderson's Hall of Fame Teammates
pecheneg
Champions League XIs: Arsenal
pecheneg
Quick Pick: Celebrities in WWE's Hall of Fame
aduchscher
A-Z Keypad Blitz II
pecheneg
Multiple Oscar Actors
pecheneg
Mystery Phrase Blitz: Oscar 'Best Actors'
pecheneg
F. Scott Fitzgerald Novels
LTH
Pick 3 Villains
ddd62291
Trending Topics
Marvel
Kpop
Disney
Harry Potter
Crossword
NBA
Anime
Song
NFL
Puzzle
Pokémon
Soccer
The Office
Country
WWE
Your Account Isn't Verified!
In order to create a playlist on Sporcle, you need to verify the email address you used during registration. Go to your
Sporcle Settings
to finish the process.
Report this User
Report this user for behavior that violates our
Community Guidelines
.
Details:
Send Report
Go to the Sporcle.com Mobile Site →
Comments